| 000 | 01060 a2200181 4500 | ||
|---|---|---|---|
| 003 | Nust | ||
| 005 | 20221011171715.0 | ||
| 010 | _a528315 | ||
| 040 | _cNust | ||
| 082 | _a541.3,DAR | ||
| 100 |
_aDarken Lawrence _999957 |
||
| 245 |
_a Physical chemistry of metals, _cLawrence S Darken |
||
| 260 |
_aN Y _bMc Graw Hill _c1953 |
||
| 300 | _a535:p | ||
| 505 | _aIntroduction (Page-1), Gases (Page-5), Solids (Page-25), Solid Solutions and Inter metallic Compounds (Page-74), Liquids (Page-110), The First Law of Thermodynamics (Page-137), The Second Law of Thermodynamics (Page-166), The Third Law of Thermodynamics (Page-191), Fugacity, Activity and the Equilibrium Constant (Page-206), Solutions (Page-235), Phase Relation (Page-283), Heterogenic Equilibria (Page-295), Free Energy Composition Diagrams (Page-326), Nitrogen in Iron and Steel (Page-372), The Iron Carbon Systems (Page-396), Formal Basis Diffusion Theory (Page-437), Kinetics of Metallurgical Processes (Page-465). | ||
| 650 |
_a Physical chemistry of metals, _999958 |
||
| 942 |
_2ddc _cBK |
||
| 999 |
_c183446 _d183446 |
||